| 000 | 00837cab a2200217 4500 | ||
|---|---|---|---|
| 001 | WB3438-32 | ||
| 008 | 090401t1998 xxu||||| |||| 00| 0 eng d | ||
| 035 | _a(Sirsi) u88830 | ||
| 041 | _aeng | ||
| 245 | _aJoint representation rules amended | ||
| 260 | _c1998 | ||
| 350 | _a0 | ||
| 490 |
_aLaw Society`s Gazette _v95(37) 30 September 1998, 3(1) |
||
| 520 | _aThe Law Society Council has passed an amendment to Practice Rule 6 limiting solicitors responsibilities for joint representation in conveyancing transactions. The Council of Mortgage Lenders criticises the changes on the grounds that the costs of conveyancing transactions will increase. | ||
| 650 | _aCONFLICTS OF INTEREST | ||
| 650 | _aCONVEYANCING | ||
| 650 | _aJOINT REPRESENTATION | ||
| 690 | _aPROPERTY LAW AND PRACTICE | ||
| 942 | _n0 | ||
| 948 | _c06/10/1998 | ||
| 999 |
_c56171 _d56171 |
||